| 000 | 01141cad a22001935a 4500 | ||
|---|---|---|---|
| 001 | L152626 | ||
| 008 | 110406e20101020xxk 000 0 eng d | ||
| 035 | _a(Sirsi) u152626 | ||
| 041 | 0 | _aeng | |
| 245 | 0 | 0 |
_aStraw Realisations (No 1) Ltd (formerly known as Haymills (contractors) Ltd (in administration)) v Shaftsbury House (Developments) Ltd _h[electronic resource] |
| 260 | _c2010 | ||
| 520 | _a[2010] EWHC 2597 (TCC), 20th October 2010. Concerns adjudication, enforcement of adjudicator's award by party in administration, effect of party being in administration, effect of contractual provisions, as to finality, as to administration. Held: the adjudicator's decision upheld. | ||
| 590 | _aKA NTK | ||
| 650 | 2 | 4 | _aSTRAW REALISATIONS (NO 1) LTD V SHAFTSBURY HOUSE (DEVELOPMENTS) LTD |
| 651 | 4 |
_aEngland and Wales _y1543- |
|
| 690 | _aBUILT ENVIRONMENT-CONSTRUCTION MANAGEMENT-BUILDING CONTRACT ADMINISTRATION | ||
| 856 | 4 | 0 |
_uhttps://www.bailii.org/cgi-bin/markup.cgi?doc=/ew/cases/EWHC/TCC/2010/2597.html&query=title+(+straw+)+and+title+(+realisations+)&method=boolean _zView this item free of charge at www.bailii.org |
| 942 | _n0 | ||
| 999 |
_c83037 _d83037 |
||